| 000 -LEADER |
| fixed length control field |
02113cam a2200397 a 4500 |
| 001 - CONTROL NUMBER |
| control field |
5685922 |
| 003 - CONTROL NUMBER IDENTIFIER |
| control field |
OSt |
| 005 - DATE AND TIME OF LATEST TRANSACTION |
| control field |
20210916155921.0 |
| 008 - FIXED-LENGTH DATA ELEMENTS--GENERAL INFORMATION |
| fixed length control field |
060605s2006 nyu b 001 0 eng |
| 015 ## - NATIONAL BIBLIOGRAPHY NUMBER |
| National bibliography number |
GBA653432 |
| Source |
bnb |
| 016 7# - NATIONAL BIBLIOGRAPHIC AGENCY CONTROL NUMBER |
| Record control number |
013483943 |
| Source |
Uk |
| 020 ## - INTERNATIONAL STANDARD BOOK NUMBER |
| International Standard Book Number |
038732898X (cased) |
| 024 3# - OTHER STANDARD IDENTIFIER |
| Standard number or code |
9780387328980 |
| 035 ## - SYSTEM CONTROL NUMBER |
| System control number |
(OCoLC)ocm70127540 |
| 035 ## - SYSTEM CONTROL NUMBER |
| System control number |
(NNC)5685922 |
| 038 ## - RECORD CONTENT LICENSOR |
| Staff Name |
khadija |
| 040 ## - CATALOGING SOURCE |
| Original cataloging agency |
UKM |
| Transcribing agency |
UKM |
| Modifying agency |
BAKER |
| -- |
OHX |
| -- |
NNC |
| -- |
OrLoB-B |
| 042 ## - AUTHENTICATION CODE |
| Authentication code |
ukblsr |
| 082 04 - DEWEY DECIMAL CLASSIFICATION NUMBER |
| Classification number |
515.7248 |
| Edition number |
22 |
| Author Mark |
ISA |
| 100 1# - MAIN ENTRY--PERSONAL NAME |
| Personal name |
Isac, George. |
| 9 (RLIN) |
82506 |
| 245 10 - TITLE STATEMENT |
| Title |
Leray-Schauder type alternatives, complementarity problems and variational inequalities / |
| Statement of responsibility, etc. |
by George Isac. |
| 260 ## - PUBLICATION, DISTRIBUTION, ETC. |
| Place of publication, distribution, etc. |
New York : |
| Name of publisher, distributor, etc. |
Springer, |
| Date of publication, distribution, etc. |
2006. |
| 300 ## - PHYSICAL DESCRIPTION |
| Extent |
xiv, 338 p. ; |
| Dimensions |
24 cm. |
| 490 1# - SERIES STATEMENT |
| Series statement |
Nonconvex optimization and its applications ; |
| Volume/sequential designation |
v. 87 |
| 504 ## - BIBLIOGRAPHY, ETC. NOTE |
| Bibliography, etc. note |
Includes bibliographic references and index. |
| 505 00 - FORMATTED CONTENTS NOTE |
| Miscellaneous information |
1. |
| Title |
Preliminary notions -- |
| Miscellaneous information |
2. |
| Title |
Complementarity problems and variational inequalities -- |
| Miscellaneous information |
3. |
| Title |
Leray-Schauder alternatives -- |
| Miscellaneous information |
4. |
| Title |
The origin of the notion of exceptional family of elements -- |
| Miscellaneous information |
5. |
| Title |
Leray-Schauder type alternatives : existence theorems -- |
| Miscellaneous information |
6. |
| Title |
Infinitesimal exceptional family of elements -- |
| Miscellaneous information |
7. |
| Title |
More about the notion of exceptional family of elements -- |
| Miscellaneous information |
8. |
| Title |
Exceptional family of elements and variational inequalities. |
| 520 1# - SUMMARY, ETC. |
| Summary, etc. |
"This book is the first to discuss complementarity theory and variational inequalities using Leray-Schauder type alternatives. The ideas and method presented in this book may be considered as a starting point for new developments. This book is intended for researchers and advanced graduate students in optimization, applied nonlinear analysis, complementarity theory, the theory of variational inequalities, and operations research."--BOOK JACKET. |
| 563 ## - BINDING INFORMATION |
| Binding note |
hardcover |
| 650 #0 - SUBJECT ADDED ENTRY--TOPICAL TERM |
| Topical term or geographic name entry element |
Nonlinear operators. |
| 9 (RLIN) |
82507 |
| 650 #0 - SUBJECT ADDED ENTRY--TOPICAL TERM |
| Topical term or geographic name entry element |
Fixed point theory. |
| 9 (RLIN) |
52074 |
| 830 #0 - SERIES ADDED ENTRY--UNIFORM TITLE |
| Uniform title |
Nonconvex optimization and its applications ; |
| Volume/sequential designation |
v. 87. |
| 9 (RLIN) |
82508 |
| 900 ## - EQUIVALENCE OR CROSS-REFERENCE-PERSONAL NAME [LOCAL, CANADA] |
| Numeration |
TOC |
| 942 ## - ADDED ENTRY ELEMENTS (KOHA) |
| Source of classification or shelving scheme |
|
| Koha item type |
Book |
| 948 1# - LOCAL PROCESSING INFORMATION (OCLC); SERIES PART DESIGNATOR (RLIN) |
| Series part designator, SPT (RLIN) |
20060713 |
| b (OCLC) |
c |
| c (OCLC) |
as2107 |
| d (OCLC) |
MPS |
| 948 2# - LOCAL PROCESSING INFORMATION (OCLC); SERIES PART DESIGNATOR (RLIN) |
| Series part designator, SPT (RLIN) |
20060721 |
| b (OCLC) |
n |
| c (OCLC) |
ink2 |
| d (OCLC) |
MPS |